[Event "Stay Safe Play From Home 384"]
[Site "Emanuel Lasker Arena"]
[Date "2020.08.14"]
[Round "7"]
[White "Roefe Detlef"]
[Black "Lazieri3"]
[Result "0-1"]
[WhiteElo "1709"]
[BlackElo "2100"]
[PlyCount "142"]
[EventDate "2020.08.14"]
[EventType "swiss (blitz)"]

1. e4 {[%emt 0:00:01]} c6 {[%emt 0:00:00]} 2. d4 {[%emt 0:00:03]} d5 {[%emt 0:00:00]} 3. Nd2 {[%emt 0:00:02]} dxe4 {[%emt 0:00:05]} 4. Nxe4 {[%emt 0:00:02]} Nd7 {[%emt 0:00:00]} 5. Nf3 {[%emt 0:00:02]} Ngf6 {[%emt 0:00:01]} 6. Bd3 {[%emt 0:00:04]} Nxe4 {[%emt 0:00:01]} 7. Bxe4 {[%emt 0:00:01]} Nf6 {[%emt 0:00:00]} 8. Bd3 {[%emt 0:00:01]} Bg4 {[%emt 0:00:01]} 9. c3 {[%emt 0:00:01]} e6 {[%emt 0:00:02]} 10. O-O {[%emt 0:00:01]} Be7 {[%emt 0:00:05]} 11. h3 {[%emt 0:00:01]} Bh5 {[%emt 0:00:01]} 12. Be2 {[%emt 0:00:03]} O-O {[%emt 0:00:01]} 13. g4 {[%emt 0:00:01]} Bg6 {[%emt 0:00:01]} 14. Bf4 {[%emt 0:00:06]} h6 {[%emt 0:00:03]} 15. Ne5 {[%emt 0:00:03]} Bh7 {[%emt 0:00:01]} 16. f3 {[%emt 0:00:04]} Nd7 {[%emt 0:00:01]} 17. Kg2 {[%emt 0:00:10]} Nxe5 {[%emt 0:00:01]} 18. dxe5 {[%emt 0:00:03]} Qb6 {[%emt 0:00:09]} 19. Qb3 {[%emt 0:00:03]} Qxb3 {[%emt 0:00:02]} 20. axb3 {[%emt 0:00:01]} Rfd8 {[%emt 0:00:04]} 21. b4 {[%emt 0:00:06]} a6 {[%emt 0:00:13]} 22. Rfd1 {[%emt 0:00:06]} Bc2 {[%emt 0:00:01]} 23. Rd2 {[%emt 0:00:08]} Bb3 {[%emt 0:00:09]} 24. Bd1 {[%emt 0:00:10]} Rxd2+ {[%emt 0:00:17]} 25. Bxd2 {[%emt 0:00:02]} Rd8 {[%emt 0:00:18]} 26. Bxb3 {[%emt 0:00:02]} Rxd2+ {[%emt 0:00:02]} 27. Kg3 {[%emt 0:00:03]} Rxb2 {[%emt 0:00:03]} 28. Bc4 {[%emt 0:00:03]} Rc2 {[%emt 0:00:12]} 29. Ra3 {[%emt 0:00:08]} g5 {[%emt 0:00:13]} 30. Bd3 {[%emt 0:00:05]} Rd2 {[%emt 0:00:06]} 31. Be4 {[%emt 0:00:03]} c5 {[%emt 0:00:02]} 32. b5 {[%emt 0:00:10]} c4 {[%emt 0:00:04]} 33. Ra4 {[%emt 0:00:03]} axb5 {[%emt 0:00:04]} 34. Ra7 {[%emt 0:00:03]} b4 {[%emt 0:00:24]} 35. cxb4 {[%emt 0:00:06]} Bxb4 {[%emt 0:00:00]} 36. Rxb7 {[%emt 0:00:01]} Rb2 {[%emt 0:00:01]} 37. f4 {[%emt 0:00:32]} Be1+ {[%emt 0:00:19]} 38. Kf3 {[%emt 0:00:02]} Rf2+ {[%emt 0:00:02]} 39. Ke3 {[%emt 0:00:03]} gxf4+ {[%emt 0:00:12]} 40. Kd4 {[%emt 0:00:02]} c3 {[%emt 0:00:06]} 41. h4 {[%emt 0:00:17]} Bd2 {[%emt 0:00:06]} 42. g5 {[%emt 0:00:08]} hxg5 {[%emt 0:00:03]} 43. hxg5 {[%emt 0:00:01]} f3 {[%emt 0:00:39]} 44. g6 {[%emt 0:00:04]} fxg6 {[%emt 0:00:02]} 45. Bxg6 {[%emt 0:00:03]} Re2 {[%emt 0:00:06]} 46. Bf7+ {[%emt 0:00:16]} Kf8 {[%emt 0:00:01]} 47. Bxe6 {[%emt 0:00:01]} c2 {[%emt 0:00:01]} 48. Rc7 {[%emt 0:00:13]} c1=Q {[%emt 0:00:02]} 49. Rxc1 {[%emt 0:00:01]} Bxc1 {[%emt 0:00:00]} 50. Bg4 {[%emt 0:00:04]} Rd2+ {[%emt 0:00:02]} 51. Ke4 {[%emt 0:00:01]} f2 {[%emt 0:00:01]} 52. Bh3 {[%emt 0:00:02]} Rd1 {[%emt 0:00:02]} 53. Kf5 {[%emt 0:00:03]} f1=Q+ {[%emt 0:00:02]} 54. Bxf1 {[%emt 0:00:01]} Rxf1+ {[%emt 0:00:00]} 55. Ke4 {[%emt 0:00:02]} Ke7 {[%emt 0:00:01]} 56. Kd5 {[%emt 0:00:01]} Bb2 {[%emt 0:00:02]} 57. e6 {[%emt 0:00:02]} Re1 {[%emt 0:00:02]} 58. Kc4 {[%emt 0:00:02]} Rxe6 {[%emt 0:00:01]} 59. Kb3 {[%emt 0:00:00]} Kd6 {[%emt 0:00:01]} 60. Kc4 {[%emt 0:00:00]} Re4+ {[%emt 0:00:01]} 61. Kb3 {[%emt 0:00:00]} Kc5 {[%emt 0:00:01]} 62. Kc2 {[%emt 0:00:00]} Re3 {[%emt 0:00:01]} 63. Kd2 {[%emt 0:00:00]} Kd4 {[%emt 0:00:02]} 64. Kc2 {[%emt 0:00:01]} Bc1 {[%emt 0:00:01]} 65. Kxc1 {[%emt 0:00:02]} Re2 {[%emt 0:00:01]} 66. Kd1 {[%emt 0:00:02]} Kd3 {[%emt 0:00:01]} 67. Kc1 {[%emt 0:00:01]} Rd2 {[%emt 0:00:00]} 68. Kb1 {[%emt 0:00:01]} Rc2 {[%emt 0:00:01]} 69. Ka1 {[%emt 0:00:02]} Kc3 {[%emt 0:00:01]} 70. Kb1 {[%emt 0:00:01]} Kb3 {[%emt 0:00:00]} 71. Ka1 {[%emt 0:00:01]} Rc1# {[%emt 0:00:00] (Lag: Av=0.43s, max=1.2s) (Lag: Av=0.43s, max=1.2s) (Lag: Av=0.43s, max=1.2s)} 0-1

[Event "Stay Safe Play From Home 384"]
[Site "Emanuel Lasker Arena"]
[Date "2020.08.14"]
[Round "7"]
[White "Gattopardo"]
[Black "Unternsepp"]
[Result "1-0"]
[WhiteElo "1432"]
[BlackElo "1384"]
[Annotator "NA"]
[PlyCount "83"]
[EventDate "2020.08.14"]
[EventType "swiss (blitz)"]

1. e4 {[%emt 0:00:05]} e5 {[%emt 0:00:02]} 2. Nf3 {[%emt 0:00:01]} Nf6 {[%emt 0:00:02]} 3. d3 {[%emt 0:00:02]} Nc6 {[%emt 0:00:02]} 4. c3 {[%emt 0:00:01]} h6 {[%emt 0:00:05]} 5. Be2 {[%emt 0:00:03]} Bc5 {[%emt 0:00:13]} 6. O-O {[%emt 0:00:02]} O-O {[%emt 0:00:02]} 7. b4 {[%emt 0:00:01]} Bb6 {[%emt 0:00:05]} 8. a4 {[%emt 0:00:01]} a5 {[%emt 0:00:03]} 9. b5 {[%emt 0:00:01]} Ne7 {[%emt 0:00:10]} 10. d4 {[%emt 0:00:06]} d6 {[%emt 0:00:10]} 11. dxe5 {[%emt 0:00:06]} dxe5 {[%emt 0:00:03]} 12. Qxd8 {[%emt 0:00:02]} Rxd8 {[%emt 0:00:03]} 13. Nxe5 {[%emt 0:00:01]} Nxe4 {[%emt 0:00:04]} 14. Bf3 {[%emt 0:00:03]} Bxf2+ {[%emt 0:00:04]} 15. Rxf2 {[%emt 0:00:02]} Nxf2 {[%emt 0:00:02]} 16. Kxf2 {[%emt 0:00:01]} Bf5 {[%emt 0:00:14]} 17. Nd2 {[%emt 0:00:03]} Nd5 {[%emt 0:00:06]} 18. Bxd5 {[%emt 0:00:03]} Rxd5 {[%emt 0:00:02]} 19. c4 {[%emt 0:00:06]} Rxe5 {[%emt 0:00:02]} 20. Nf3 {[%emt 0:00:01]} Re4 {[%emt 0:00:10]} 21. c5 {[%emt 0:00:01]} Rae8 {[%emt 0:00:10]} 22. Nh4 {[%emt 0:00:07]} Re2+ {[%emt 0:00:03]} 23. Kg3 {[%emt 0:00:07]} Be4 {[%emt 0:00:12]} 24. Bf4 {[%emt 0:00:10]} Rxg2+ {[%emt 0:00:03]} 25. Nxg2 {[%emt 0:00:06]} Bxg2 {[%emt 0:00:05]} 26. Kxg2 {[%emt 0:00:02]} Re2+ {[%emt 0:00:03]} 27. Kf3 {[%emt 0:00:02]} Rc2 {[%emt 0:00:08]} 28. c6 {[%emt 0:00:03]} bxc6 {[%emt 0:00:03]} 29. Bxc7 {[%emt 0:00:02]} cxb5 {[%emt 0:00:04]} 30. Bxa5 {[%emt 0:00:02]} bxa4 {[%emt 0:00:06]} 31. Rxa4 {[%emt 0:00:02]} Rc5 {[%emt 0:00:03]} 32. Bd2 {[%emt 0:00:03]} h5 {[%emt 0:00:03]} 33. Ra8+ {[%emt 0:00:02]} Kh7 {[%emt 0:00:02]} 34. Be3 {[%emt 0:00:02]} Rc3 {[%emt 0:00:04]} 35. Kf4 {[%emt 0:00:06]} f6 {[%emt 0:00:09]} 36. Ra7 {[%emt 0:00:04]} h4 {[%emt 0:00:05]} 37. h3 {[%emt 0:00:02]} Rc4+ {[%emt 0:00:03]} 38. Kf3 {[%emt 0:00:02]} Kg6 {[%emt 0:00:02]} 39. Ra5 {[%emt 0:00:03]} f5 {[%emt 0:00:06]} 40. Ra6+ {[%emt 0:00:02]} Kh5 {[%emt 0:00:04]} 41. Ra7 {[%emt 0:00:03]} g6 {[%emt 0:00:08]} 42. Rh7# {[%emt 0:00:02] Mate Mate Mate Mate Mate Mate} 1-0